Best Starting 5 From Every NBA Team - Statistics

General Stats
  • This quiz has been taken 191 times
  • The average score is 75 of 150
Answer Stats
Team Answer % Correct
1997 Hornets (54-28) SG Dell Curry
99%
2016 Warriors (73-9) PG Stephen Curry
99%
2016 Warriors (73-9) SG Klay Thompson
98%
2009 Cavaliers (66-16) SF LeBron James
97%
2013 Heat (66-16) SF LeBron James
97%
2016 Warriors (73-9) PF Draymond Green
96%
2016 Spurs (67-15) SG Danny Green
95%
2014 Clippers (57-25) C DeAndre Jordan
94%
1996 Bulls (72-10) SG Michael Jordan
94%
1996 Bulls (72-10) SF Scottie Pippen
93%
1996 Bulls (72-10) PF Dennis Rodman
89%
2013 Heat (66-16) SG Dwyane Wade
89%
2005 Suns (62-20) PG Steve Nash
89%
2018 Rockets (65-17) SG James Harden
87%
2004 Timberwolves (58-24) PF Kevin Garnett
87%
2016 Spurs (67-15) SF Kawhi Leonard
86%
2013 Heat (66-16) C Chris Bosh
85%
2018 Rockets (65-17) PG Chris Paul
84%
2014 Clippers (57-25) PG Chris Paul
84%
2008 Hornets (56-26) PG Chris Paul
84%
2008 Hornets (56-26) PF David West
83%
2009 Cavaliers (66-16) SG Delonte West
83%
2007 Mavericks (67-15) PF Dirk Nowitzki
83%
1972 Lakers (69-13) PG Jerry West
83%
2016 Spurs (67-15) C Tim Duncan
82%
1971 Bucks (66-16) C Kareem Abdul-Jabbar
81%
2016 Spurs (67-15) PG Tony Parker
80%
2014 Clippers (57-25) PF Blake Griffin
79%
2002 Nets (52-30) PG Jason Kidd
79%
2013 Grizzlies (56-26) C Marc Gasol
79%
2004 Pacers (61-21) PF Jermaine O'Neal
77%
1997 Jazz (64-18) PG John Stockton
77%
1972 Lakers (69-13) C Wilt Chamberlain
77%
1967 76ers (68-13) C Wilt Chamberlain
77%
1997 Jazz (64-18) PF Karl Malone
75%
1993 Knicks (60-22) C Patrick Ewing
75%
2004 Pacers (61-21) SG Reggie Miller
74%
1991 Trail Blazers (63-19) SG Clyde Drexler
73%
2009 Cavaliers (66-16) PF Ben Wallace
72%
2006 Pistons (64-18) C Ben Wallace
72%
1996 SuperSonics (64-18) C Ervin Johnson
72%
1996 SuperSonics (64-18) PG Gary Payton
72%
2005 Suns (62-20) SF Joe Johnson
72%
2018 Raptors (59-23) PG Kyle Lowry
72%
2006 Pistons (64-18) PF Rasheed Wallace
72%
1996 SuperSonics (64-18) PF Shawn Kemp
71%
2005 Suns (62-20) C Amare Stoudemire
69%
1996 Magic (60-22) PG Penny Hardaway
69%
2006 Pistons (64-18) PG Chauncey Billups
68%
2018 Raptors (59-23) SF DeMar DeRozan
67%
2016 Warriors (73-9) SF Harrison Barnes
66%
1997 Jazz (64-18) SG Bryon Russell
65%
2018 Rockets (65-17) C Clint Capela
65%
1971 Bucks (66-16) PG Oscar Robertson
65%
2013 Heat (66-16) PG Mario Chalmers
63%
2016 Warriors (73-9) C Andrew Bogut
62%
1991 Trail Blazers (63-19) PF Buck Williams
62%
2009 Cavaliers (66-16) PG Mo Williams
62%
1996 Bulls (72-10) PG Ron Harper
62%
2005 Suns (62-20) PF Shawn Marion
62%
2013 Grizzlies (56-26) PG Mike Conley
61%
1971 Bucks (66-16) PF Greg Smith
60%
1973 Celtics (68-14) SF John Havlicek
60%
1996 Magic (60-22) PF Horace Grant
59%
2013 Grizzlies (56-26) SG Tony Allen
59%
2013 Nuggets (57-25) SG Andre Iguodala
57%
2013 Grizzlies (56-26) PF Zach Randolph
56%
2015 Hawks (60-22) C Al Horford
55%
1993 Knicks (60-22) SG John Starks
55%
1975 Bullets (60-22) C Wes Unseld
55%
2013 Nuggets (57-25) SF Jordan Hamilton
54%
2006 Pistons (64-18) SG Richard Hamilton
54%
2002 Kings (61-21) SF Peja Stojakovic
53%
2008 Hornets (56-26) SF Peja Stojakovic
53%
2009 Cavaliers (66-16) C Zydrunas Ilgauskas
53%
1975 Bullets (60-22) PF Elvin Hayes
52%
2015 Hawks (60-22) SG Kyle Korver
50%
2004 Timberwolves (58-24) PG Sam Cassell
50%
2006 Pistons (64-18) SF Tayshaun Prince
50%
2002 Kings (61-21) C Vlade Divac
50%
1997 Hornets (54-28) PF Vlade Divac
50%
2008 Hornets (56-26) C Tyson Chandler
49%
2015 Hawks (60-22) PG Jeff Teague
48%
2015 Hawks (60-22) PF Paul Millsap
48%
2018 Rockets (65-17) PF Ryan Anderson
48%
2007 Mavericks (67-15) SF Josh Howard
47%
2004 Pacers (61-21) PG Kenny Anderson
47%
1996 Magic (60-22) SG Nick Anderson
47%
1967 76ers (68-13) SG Wali Jones
47%
2002 Kings (61-21) PG Mike Bibby
46%
2007 Mavericks (67-15) PG Jason Terry
45%
1967 76ers (68-13) PF Luke Jackson
45%
1973 Celtics (68-14) PG Jo Jo White
43%
2013 Heat (66-16) PF Shane Battier
43%
2018 Raptors (59-23) C Jonas Valanciunas
40%
1993 Knicks (60-22) PF Charles Oakley
38%
1973 Celtics (68-14) C Dave Cowens
38%
2002 Nets (52-30) SF Keith Van Horn
38%
1975 Bullets (60-22) PG Kevin Porter
38%
2004 Pacers (61-21) SF Ron Artest
38%
1991 Trail Blazers (63-19) PG Terry Porter
38%
2014 Clippers (57-25) SG JJ Redick
37%
2016 Spurs (67-15) PF LaMarcus Aldridge
37%
2018 Rockets (65-17) SF Trevor Ariza
37%
1996 SuperSonics (64-18) SF Detlef Schrempf
36%
1972 Lakers (69-13) SG Gail Goodrich
36%
1997 Jazz (64-18) SF Jeff Hornacek
34%
1967 76ers (68-13) PG Hal Greer
33%
2002 Nets (52-30) PF Kenyon Martin
33%
2018 Raptors (59-23) PF Serge Ibaka
33%
1996 Magic (60-22) SF Dennis Scott
31%
2004 Timberwolves (58-24) SF Latrell Sprewell
31%
2005 Suns (62-20) SG Quentin Richardson
29%
1997 Jazz (64-18) C Greg Ostertag
28%
2002 Kings (61-21) SG Doug Christie
25%
2013 Grizzlies (56-26) SF Rudy Gay
24%
1997 Hornets (54-28) SF Anthony Mason
23%
1991 Trail Blazers (63-19) C Kevin Duckworth
22%
2015 Hawks (60-22) SF DeMarre Carroll
21%
2002 Nets (52-30) SG Kerry Kittles
21%
1967 76ers (68-13) SF Chet Walker
20%
2013 Nuggets (57-25) PG Ty Lawson
19%
1996 Bulls (72-10) C Bill Wennington
18%
1991 Trail Blazers (63-19) SF Jerome Kersey
16%
2013 Nuggets (57-25) PF Kenneth Faried
16%
1996 SuperSonics (64-18) SG Hersey Hawkins
15%
2018 Raptors (59-23) SG Norman Powell
13%
1971 Bucks (66-16) SF Bob Dandridge
12%
1993 Knicks (60-22) PG Doc Rivers
8%
1973 Celtics (68-14) PF Paul Silas
7%
1972 Lakers (69-13) PF Happy Hairston
6%
2014 Clippers (57-25) SF Jared Dudley
5%
1975 Bullets (60-22) SG Phil Chenier
5%
2007 Mavericks (67-15) C DeSagana Diop
4%
1972 Lakers (69-13) SF Jim McMillian
4%
1971 Bucks (66-16) SG Jon McGlocklin
4%
2004 Timberwolves (58-24) C Michael Olowokandi
4%
2008 Hornets (56-26) SG Mo Peterson
4%
1997 Hornets (54-28) PG Muggsy Bouges
4%
2002 Kings (61-21) PF Scot Pollard
4%
2004 Pacers (61-21) C Scot Pollard
4%
2002 Nets (52-30) C Todd MacCulloch
4%
2004 Timberwolves (58-24) SG Fred Hoiberg
3%
1993 Knicks (60-22) SF Tony Campbell
3%
1996 Magic (60-22) C Jon Koncak
2%
1973 Celtics (68-14) SG Don Chaney
1%
2013 Nuggets (57-25) C Kosta Koufos
1%
1975 Bullets (60-22) SF Mike Riordan
1%
2007 Mavericks (67-15) SG Greg Buckner
0%
1997 Hornets (54-28) C Matt Geiger
0%
No matching quizzes found
Score Distribution
Percent of People with Each Score
Percentile by Number Answered
Your Score History
You have not taken this quiz